States Where Harris Outperformed Clinton - Statistics

General Stats
  • This quiz has been taken 34 times
  • The average score is 34 of 36
Answer Stats
Clinton % Harris % Change Answer % Correct
45.35% 48.53% 3.18% Georgia
100%
47.46% 48.61% 1.15% Pennsylvania
100%
52.5% 57.6% 5.1% Washington
100%
36.55% 41.4% 4.85% Alaska
97%
45.1% 46.7% 1.6% Arizona
97%
53.09% 56.49% 3.4% Delaware
97%
27.48% 30.4% 3.22% Idaho
97%
37.46% 39.7% 2.24% Indiana
97%
41.74% 42.7% 0.96% Iowa
97%
47.83% 52.4% 4.57% Maine (Statewide)
97%
47.03% 48.3% 1.27% Michigan
97%
46.83% 50.9% 4.07% New Hampshire
97%
48.26% 51.9% 3.64% New Mexico
97%
46.17% 47.65% 1.48% North Carolina
97%
56.68% 64.4% 7.72% Vermont
97%
46.45% 48.9% 2.45% Wisconsin
97%
54.57% 56.4% 1.83% Connecticut
94%
60.33% 63% 2.67% Maryland
94%
46.44% 51.1% 4.66% Minnesota
94%
43.24% 43.86% 0.62% Ohio
94%
50.07% 55.6% 5.53% Oregon
94%
54.41% 55.8% 1.39% Rhode Island
94%
27.46% 37.8% 10.34% Utah
94%
49.75% 51.8% 2.05% Virginia
94%
26.5% 28.1% 1.6% West Virginia
94%
21.88% 25.84% 3.96% Wyoming
94%
48.16% 54.2% 6.04% Colorado
90%
35.74% 41% 5.26% Kansas
90%
32.68% 33.88% 1.2% Kentucky
90%
60.01% 61.3% 1.29% Massachusetts
90%
37.87% 40.1% 2.23% Missouri
90%
35.41% 38.5% 3.09% Montana
90%
33.7% 39.1% 5.4% Nebraska (Statewide)
90%
27.23% 30.8% 3.57% North Dakota
90%
28.93% 32.19% 3.26% Oklahoma
90%
31.74% 34.2% 2.46% South Dakota
90%
No matching quizzes found
Score Distribution
Percent of People with Each Score
Percentile by Number Answered
Your Score History
You have not taken this quiz